[Event "AUTO-ADV-1188"]
[Site "http://www.queenalice.com/game.php?id=526358"]
[Date "2009.1.21"]
[Round "1"]
[White "marcao"]
[Black "deckard"]
[Result "0-1"]
[WhiteElo "1836"]
[BlackElo "1719"]

1. d4 d5 2. Nf3 e6 3. Nc3 Nf6 4. Bf4 Bb4 5. a3 Bxc3+ 6. bxc3 c6 7. e3 Nbd7 8. c4
Qa5+ 9. Nd2 O-O 10. c5 Re8 11. Bd3 e5 12. Bg3 e4 13. Be2 b5 14. O-O Bb7 15. Nb3
Qd8 16. Qd2 a5 17. a4 b4 18. c3 bxc3 19. Qxc3 Ba6 20. Bxa6 Rxa6 21. h3 Nh5 22.
Qd2 Nxg3 23. fxg3 Qc7 24. Qf2 Rf8 25. Kh2 Nf6 26. Qf4 Qxf4 27. gxf4 Ra7 28. g4
Rb8 29. Rab1 Rab7 30. Nd2 Rb2 31. Rxb2 Rxb2 32. Rd1 Ra2 33. g5 Nh5 34. h4 Rxa4
35. Rb1 g6 36. Rb8+ Kg7 37. Kh3 Ra3 38. Nf1 a4 39. Rb6 Ra1 40. Nh2 Rg1 41. Rxc6
Rg3# 0-1

[Event "AUTO-ADV-1188"]
[Site "http://www.queenalice.com/game.php?id=526359"]
[Date "2009.1.21"]
[Round "1"]
[White "deckard"]
[Black "marcao"]
[Result "1-0"]
[WhiteElo "1740"]
[BlackElo "1819"]

1. e4 e5 2. d4 exd4 3. Qxd4 Nc6 4. Qe3 d6 5. Nc3 Nf6 6. Bc4 Be6 7. Bxe6 fxe6 8.
Nf3 Qe7 9. Bd2 O-O-O 10. O-O-O d5 11. exd5 Nxd5 12. Nxd5 Rxd5 13. Bc3 Rxd1+ 14.
Rxd1 Rg8 15. Qg5 h6 16. Qxe7 Bxe7 17. Re1 Nd8 18. Ne5 g5 19. b4 Bd6 20. Kb2 a6
21. a4 h5 22. f3 g4 23. f4 Rf8 24. g3 Kb8 25. Kb3 Rf5 26. Kc4 h4 27. Nxg4 hxg3
28. hxg3 a5 29. b5 Rc5+ 30. Kb3 b6 31. Nf6 Kb7 32. Ne4 Rd5 33. Nxd6+ Rxd6 34.
Rg1 Nf7 35. g4 c6 36. bxc6+ Kxc6 37. g5 Kc5 38. g6 Nh6 39. g7 Rd8 40. Rg6 Ng8
41. Rxe6 Rd5 42. Re8 Nh6 43. g8=Q Nxg8 44. Rxg8 Rf5 45. Be5 Kd5 46. Rc8 Rxe5 47.
fxe5 Kxe5 48. Rc6 1-0

[Event "AUTO-ADV-1188"]
[Site "http://www.queenalice.com/game.php?id=526364"]
[Date "2009.1.21"]
[Round "1"]
[White "RDario"]
[Black "deckard"]
[Result "1-0"]
[WhiteElo "1892"]
[BlackElo "1697"]

1. d4 d5 2. c4 c6 3. Nf3 Nf6 4. Nc3 e6 5. e3 Nbd7 6. Bd3 Bb4 7. O-O dxc4 8. Bxc4
b5 9. Bd3 Bb7 10. e4 O-O 11. e5 Nd5 12. Ne4 f5 13. exf6 N7xf6 14. Neg5 Bc8 15.
Ne5 Bd7 16. h4 h6 17. Ngf3 Be8 18. Nh2 c5 19. a3 Ba5 20. Nhg4 Nxg4 21. Qxg4 Qf6
22. b4 cxb4 23. axb4 Bxb4 24. Ba3 Bc3 25. Ra2 b4 26. Bc1 b3 27. Ra6 b2 28. Bg5
hxg5 29. hxg5 Qe7 30. Rxe6 Qb4 31. Qh4 1-0

[Event "AUTO-ADV-1188"]
[Site "http://www.queenalice.com/game.php?id=526365"]
[Date "2009.1.21"]
[Round "1"]
[White "deckard"]
[Black "RDario"]
[Result "1/2-1/2"]
[WhiteElo "1778"]
[BlackElo "1831"]

1. e4 d6 2. d4 Nf6 3. Nc3 g6 4. Nf3 Bg7 5. Be3 O-O 6. Bc4 Nc6 7. d5 Ne5 8. Nxe5
dxe5 9. O-O Ne8 10. f4 Nd6 11. Bb3 f5 12. exf5 Bxf5 13. Qd2 e4 14. Bd4 Bf6 15.
Rae1 Kg7 16. Ne2 a6 17. g4 Bxg4 18. Ng3 Bf3 19. c4 h5 20. Bc2 Nxc4 21. Qc3 Qxd5
22. Bxf6+ Rxf6 23. Nxe4 Bxe4 24. Bxe4 Qc5+ 25. Kh1 Qb5 26. b3 Nd6 27. Bd3 Qc6+
28. Qxc6 bxc6 29. Rxe7+ Kh6 30. Rxc7 Nf5 31. Bxf5 Rxf5 32. Rxc6 a5 33. Rg1 Rg8
34. Ra6 h4 35. Rg5 Rxf4 36. Raxa5 Rgf8 37. Rg1 h3 38. Rc5 Rf2 39. a4 Rb2 40. Rc3
Rff2 41. Rxh3+ Kg7 42. a5 Kf7 43. Rh7+ Kf6 44. Rh3 Ra2 45. b4 Rfb2 46. Rh6 Rxb4
47. Rhxg6+ Kf7 48. a6 Rbb2 49. R6g2 Rxg2 50. Rxg2 Rxa6 51. h3 Rg6 52. Rxg6 Kxg6
53. Kg2 Kh5 1/2-1/2

[Event "byebye8"]
[Site "http://www.queenalice.com/game.php?id=551049"]
[Date "2009.3.5"]
[Round "3"]
[White "deckard"]
[Black "crawfb5"]
[Result "0-1"]
[WhiteElo "1721"]
[BlackElo "2165"]

1. e4 c6 2. d4 d5 3. e5 Bf5 4. Nf3 e6 5. Nc3 Nd7 6. Bd3 Bxd3 7. Qxd3 Ne7 8. O-O
a6 9. Be3 Nf5 10. Bd2 c5 11. dxc5 Nxc5 12. Qe2 Qc7 13. Rfd1 Ne7 14. b4 Nd7 15.
a3 Ng6 16. Ng5 Ndxe5 17. f4 Nc4 18. f5 Nge5 19. Bf4 h6 20. Nxf7 Qxf7 21. fxe6
Qxe6 0-1

[Event "Challenge"]
[Site "http://www.queenalice.com/game.php?id=559750"]
[Date "2009.3.22"]
[Round "-"]
[White "rdaigle2003"]
[Black "deckard"]
[Result "0-1"]
[WhiteElo "1741"]
[BlackElo "1757"]

1. e4 d5 2. exd5 Qxd5 3. Nc3 Qa5 4. Nf3 c6 5. d4 Nf6 6. Bd2 Bf5 7. Ne4 Qb6 8.
Nxf6+ gxf6 9. Bc4 e6 10. O-O Nd7 11. Bc3 Bg7 12. Re1 O-O-O 13. Nh4 Bg6 14. Nxg6
hxg6 15. Qd2 Qc7 16. a4 Qxh2+ 17. Kf1 Nb6 18. Bb3 Qh1+ 19. Ke2 Qxg2 20. Rg1 Qe4+
21. Qe3 Qxe3+ 22. fxe3 Rh2+ 23. Kd3 c5 24. Ba5 cxd4 25. Bxb6 axb6 26. exd4 f5
27. a5 Rh3+ 28. Kc4 Rxd4+ 29. Kb5 Bf8 30. Kxb6 Kb8 31. c3 Rd6+ 32. Kb5 Ka7 33.
Rh1 Rxh1 34. Rxh1 Rd7 35. Rh8 Bg7 36. Rg8 Bh6 37. Ba4 Re7 38. b4 e5 39. Kc4 e4
40. b5 b6 41. axb6+ Kxb6 42. Bb3 e3 43. Rb8+ Ka7 44. Rd8 e2 45. Rd1 exd1=N 46.
Bxd1 f4 47. Kc5 f5 48. Bf3 g5 49. b6+ Kb8 50. c4 g4 51. Bd5 f3 52. Kd6 Re1 53.
c5 Bf4+ 54. Kd7 Rd1 55. Ke6 Rxd5 56. Kxd5 f2 0-1

[Event "Let's Play Chess!"]
[Site "http://www.queenalice.com/game.php?id=581219"]
[Date "2009.5.2"]
[Round "-"]
[White "knight401"]
[Black "deckard"]
[Result "1-0"]
[WhiteElo "1604"]
[BlackElo "1780"]

1. e4 d5 2. exd5 Qxd5 3. Nc3 Qa5 4. Nf3 Nf6 5. Be2 Bf5 6. O-O e6 7. a3 c6 8. d4
Nbd7 9. Bd2 Be7 10. Nh4 Bg6 11. Nxg6 hxg6 12. b4 Qc7 13. g3 O-O-O 14. Kg2 Rh7
15. Rh1 Rdh8 16. Bf3 Nd5 17. Ne2 Qd8 18. Ng1 Bf6 19. c3 N7b6 20. Be2 e5 21. h3
Kb8 22. dxe5 Bxe5 23. c4 Bxa1 24. cxd5 Qxd5+ 25. Nf3 Bb2 26. a4 Nc4 27. Bf4+ Ka8
28. Qc2 Nb6 29. a5 Na4 30. Qxa4 1-0

[Event "AUTO-OPEN-1632"]
[Site "http://www.queenalice.com/game.php?id=623625"]
[Date "2009.7.23"]
[Round "1"]
[White "deckard"]
[Black "Saftawi"]
[Result "0-1"]
[WhiteElo "1772"]
[BlackElo "1500"]

1. e4 e6 2. d4 d5 3. exd5 exd5 4. Nf3 Bd6 5. Nc3 Nf6 6. Be3 O-O 7. Bd3 h6 8. O-O
Re8 9. Re1 Na6 10. Bxa6 bxa6 11. a3 Bf5 12. Nh4 Bxh2+ 0-1

[Event "AUTO-OPEN-1632"]
[Site "http://www.queenalice.com/game.php?id=623626"]
[Date "2009.7.23"]
[Round "1"]
[White "Saftawi"]
[Black "deckard"]
[Result "1-0"]
[WhiteElo "1836"]
[BlackElo "1772"]

1. d4 Nf6 2. c4 e6 3. Nf3 Bb4+ 4. Bd2 Bxd2+ 5. Nbxd2 c6 6. e4 d5 7. e5 Nfd7 8.
Qc2 O-O 9. Bd3 g6 10. O-O Na6 11. a3 b6 12. cxd5 cxd5 13. Rac1 1-0

[Event "Challenge"]
[Site "http://www.queenalice.com/game.php?id=656439"]
[Date "2009.9.22"]
[Round "-"]
[White "deckard"]
[Black "thedead"]
[Result "1-0"]
[WhiteElo "1796"]
[BlackElo "1446"]

1. e4 e5 2. Nf3 Nc6 3. Bb5 a6 4. Ba4 Nf6 5. Nc3 b5 6. Bb3 Be7 7. d3 d6 8. Be3
O-O 9. O-O Re8 10. d4 Bb7 11. d5 Na5 12. Qe2 c6 13. Rfd1 b4 14. dxc6 Bxc6 15.
Na4 Nxe4 16. Bb6 1-0

[Event "AUTO-OPEN-1748"]
[Site "http://www.queenalice.com/game.php?id=677414"]
[Date "2009.11.3"]
[Round "1"]
[White "ezekiel4a21"]
[Black "deckard"]
[Result "1-0"]
[WhiteElo "1960"]
[BlackElo "1777"]

1. Nf3 Nf6 2. c4 Nc6 3. Nc3 e5 4. e3 Bb4 5. Qc2 O-O 6. Be2 d6 7. O-O Bg4 8. h3
Be6 9. d4 exd4 10. exd4 Bd7 11. Bd3 1-0

[Event "AUTO-OPEN-1748"]
[Site "http://www.queenalice.com/game.php?id=677415"]
[Date "2009.11.3"]
[Round "1"]
[White "deckard"]
[Black "ezekiel4a21"]
[Result "0-1"]
[WhiteElo "1768"]
[BlackElo "1971"]

1. e4 c5 2. d4 d6 3. dxc5 Qa5+ 4. Nc3 Qxc5 5. Be3 Qa5 6. Nf3 Nc6 7. a3 Nf6 8.
Bd3 g6 9. Qe2 Bg7 10. O-O O-O 11. Rfd1 Qd8 0-1